[Event "Bodensee-Cup 10th"]
[Site "Wasserburg"]
[Date "2004.05.09"]
[Round "3.6"]
[White "Raupp, Thomas"]
[Black "Hochstrasser, Michael"]
[Result "0-1"]
[WhiteElo "2354"]
[BlackElo "2389"]
[PlyCount "84"]
[EventDate "2004.05.??"]
[SourceDate "2004.05.08"]
[WhiteTeam "Baden"]
[BlackTeam "Schweiz"]
[WhiteTeamCountry "GER"]
[BlackTeamCountry "SUI"]

1. d4 g6 2. c4 Bg7 3. Nc3 d6 4. Nf3 e5 5. dxe5 dxe5 6. Qxd8+ Kxd8 7. Bg5+ f6 8.
O-O-O+ Ke8 9. Bd2 Be6 10. b3 Nd7 11. g3 Nh6 12. Bg2 Nf7 13. Nb5 Rc8 14. Nxa7
Ra8 15. Nb5 Kd8 16. Nc3 c6 17. e4 Ke7 18. Ne1 Rhc8 19. Nd3 Ke8 20. c5 Bf8 21.
Be3 Ra5 22. Na4 b6 23. cxb6 c5 24. Bd2 Rb5 25. Kb2 c4 26. Nc1 Ra8 27. Nc3 Ba3+
28. Kc2 Rxb6 29. Nd5 Bxd5 30. exd5 Bxc1 31. Kxc1 Rc8 32. Kb2 cxb3 33. axb3 Nc5
34. Be3 Rxb3+ 35. Kc2 Ra3 36. Kb2 Ra5 37. d6 Rb5+ 38. Kc2 Nxd6 39. Rb1 Nce4+
40. Kd3 Rd5+ 41. Ke2 Rc2+ 42. Ke1 Ra5 0-1

[Event "Bodensee-Cup 10th"]
[Site "Wasserburg"]
[Date "2004.05.09"]
[Round "3.7"]
[White "Huss, Andreas"]
[Black "Boguslavskyy, Oleg"]
[Result "1/2-1/2"]
[WhiteElo "2343"]
[BlackElo "2325"]
[PlyCount "144"]
[EventDate "2004.05.??"]
[SourceDate "2004.05.08"]
[WhiteTeam "Schweiz"]
[BlackTeam "Baden"]
[WhiteTeamCountry "SUI"]
[BlackTeamCountry "GER"]

1. d4 d5 2. c4 dxc4 3. Nf3 Nf6 4. e3 e6 5. Bxc4 Be7 6. O-O O-O 7. Qe2 a6 8. a4
c5 9. dxc5 Bxc5 10. e4 Nc6 11. e5 Nd5 12. Rd1 Ncb4 13. Nc3 b6 14. Bg5 Qc7 15.
Rac1 Bb7 16. Ne4 Rfc8 17. a5 Qc6 18. Bxd5 Nxd5 19. Nd6 Rc7 20. Rc4 Qd7 21. axb6
Bxb6 22. Rg4 Bc5 23. Bh6 g6 24. Ne4 Qb5 25. Qd2 Bb4 26. Nf6+ Kh8 27. Qg5 Be7
28. Rh4 Nxf6 29. exf6 Qxg5 30. Bg7+ Kg8 31. Nxg5 h5 32. Rhd4 Bd5 33. h4 Bf8 34.
Bxf8 Kxf8 35. R4d2 Rb8 36. Ra1 Rc6 37. Kh2 Ke8 38. f3 Rb3 39. Re1 Rc5 40. Ra1
a5 41. Rad1 Rc4 42. Ne4 Kd7 43. Nc3 Rbxc3 44. bxc3 Kd6 45. Kg3 Ke5 46. Rd4 Rxc3
47. Ra4 Kxf6 48. Rxa5 Kf5 49. Rd4 f6 50. Rf4+ Ke5 51. Re4+ Kf5 52. Rf4+ Ke5 53.
Ra7 g5 54. hxg5 fxg5 55. Rf8 g4 56. Rh7 gxf3 57. Rxh5+ Kd6 58. gxf3 Ra3 59. Rh6
Ke7 60. Rf4 Kd6 61. Kg4 Ra2 62. Rff6 Rg2+ 63. Kf4 Ke7 64. Ke5 Re2+ 65. Kd4 Rd2+
66. Ke3 Ra2 67. f4 Ra3+ 68. Kf2 Rb3 69. Ke2 Rb2+ 70. Kd3 Rb3+ 71. Kd4 Rb4+ 72.
Kc3 Rb3+ 1/2-1/2

[Event "Bodensee-Cup 10th"]
[Site "Wasserburg"]
[Date "2004.05.09"]
[Round "3.9"]
[White "Zenklusen, Rico"]
[Black "Schwalfenberg, Joerg"]
[Result "1/2-1/2"]
[WhiteElo "2306"]
[BlackElo "2363"]
[PlyCount "33"]
[EventDate "2004.05.??"]
[SourceDate "2004.05.08"]
[WhiteTeam "Schweiz"]
[BlackTeam "Baden"]
[WhiteTeamCountry "SUI"]
[BlackTeamCountry "GER"]

1. e4 c6 2. d4 d5 3. Nc3 dxe4 4. Nxe4 Nf6 5. Nxf6+ gxf6 6. c3 Bf5 7. Nf3 e6 8.
g3 Bg7 9. Bg2 O-O 10. Nh4 Bg6 11. O-O Nd7 12. a4 a5 13. Be3 Qc7 14. c4 f5 15.
Qb3 Qb6 16. Qxb6 Nxb6 17. b3 1/2-1/2

[Event "Bodensee-Cup 10th"]
[Site "Wasserburg"]
[Date "2004.05.09"]
[Round "3.10"]
[White "Werner, Clemens"]
[Black "Fierz, Martin"]
[Result "1/2-1/2"]
[WhiteElo "2319"]
[BlackElo "2289"]
[PlyCount "21"]
[EventDate "2004.05.??"]
[SourceDate "2004.05.08"]
[WhiteTeam "Baden"]
[BlackTeam "Schweiz"]
[WhiteTeamCountry "GER"]
[BlackTeamCountry "SUI"]

1. e4 c5 2. Nf3 e6 3. c3 d5 4. exd5 exd5 5. d4 Nc6 6. Bb5 Bd6 7. dxc5 Bxc5 8.
O-O Nge7 9. Nbd2 O-O 10. Nb3 Bb6 11. Nfd4 1/2-1/2

[Event "Bodensee-Cup 10th"]
[Site "Wasserburg"]
[Date "2004.05.09"]
[Round "3.11"]
[White "Carron, Julien"]
[Black "Herbrechtsmeier, Christof"]
[Result "1/2-1/2"]
[WhiteElo "2273"]
[BlackElo "2292"]
[PlyCount "66"]
[EventDate "2004.05.??"]
[SourceDate "2004.05.08"]
[WhiteTeam "Schweiz"]
[BlackTeam "Baden"]
[WhiteTeamCountry "SUI"]
[BlackTeamCountry "GER"]

1. d4 e6 2. c4 b6 3. e4 Bb7 4. Bd3 f5 5. exf5 Bb4+ 6. Kf1 Nf6 7. Be2 O-O 8. Bf3
Bxf3 9. Nxf3 Nc6 10. c5 bxc5 11. a3 Ba5 12. dxc5 Ne4 13. Qc2 Nxc5 14. Qxc5 Rxf5
15. Qc2 Qf6 16. Be3 Rxf3 17. gxf3 Qxf3 18. Rg1 Rf8 19. Qe2 Qh3+ 20. Rg2 Ne5 21.
Bd4 Nf3 22. Be5 Nh4 23. Qg4 Qd3+ 24. Kg1 Nf3+ 25. Kh1 g6 26. Bc3 Qf1+ 27. Rg1
Qxf2 28. Qg3 Nxg1 29. Bxa5 Qf5 30. Nc3 Nh3 31. Bxc7 Nf2+ 32. Kg2 Qc2 33. Kg1
Nd3 1/2-1/2

[Event "Bodensee-Cup 10th"]
[Site "Wasserburg"]
[Date "2004.05.09"]
[Round "3.12"]
[White "Schneider, Bernd2"]
[Black "Antognini, Francesco"]
[Result "1/2-1/2"]
[WhiteElo "2260"]
[BlackElo "2193"]
[PlyCount "108"]
[EventDate "2004.05.??"]
[SourceDate "2004.05.08"]
[WhiteTeam "Baden"]
[BlackTeam "Schweiz"]
[WhiteTeamCountry "GER"]
[BlackTeamCountry "SUI"]

1. c4 Nf6 2. Nc3 e6 3. d4 Bb4 4. Qc2 O-O 5. e3 b6 6. Bd3 Bb7 7. Nf3 c5 8. dxc5
Bxc5 9. O-O Be7 10. e4 d6 11. Rd1 Nbd7 12. Bf4 h6 13. Qe2 a6 14. Rac1 Rc8 15.
b3 Qc7 16. h3 Qb8 17. Bb1 Rfd8 18. Nd4 Nf8 19. Bg3 Qa8 20. f4 d5 21. e5 Ne4 22.
Nxe4 dxe4 23. Bf2 Ba3 24. Rc3 Rd7 25. Nc2 Rxd1+ 26. Qxd1 Rd8 27. Qg4 Bb2 28.
Rg3 Ng6 29. Bxb6 Rd3 30. Ne3 Rd2 31. Nf1 h5 32. Qxh5 Bd4+ 33. Bxd4 Rxd4 34. f5
exf5 35. e6 Rd6 36. exf7+ Kxf7 37. Qxf5+ Rf6 38. Qd7+ Kg8 39. Ne3 Qb8 40. Kh2
Rf7 41. Qd4 Nf4 42. Qd1 Rf6 43. Bc2 Qc7 44. b4 g6 45. Ng4 Rd6 46. Qa1 Nh5 47.
Qe5 Nxg3 48. Kxg3 Qd8 49. c5 Rd2 50. c6 Bxc6 51. Qe6+ Kg7 52. Qxc6 Qb8+ 53. Kh4
Qd8+ 54. Kg3 Qb8+ 1/2-1/2

[Event "Bodensee-Cup 10th"]
[Site "Wasserburg"]
[Date "2004.05.09"]
[Round "3.1"]
[White "Prusikhin, Mihailo"]
[Black "Schmittdiel, Eckhard"]
[Result "1-0"]
[WhiteElo "2518"]
[BlackElo "2483"]
[PlyCount "111"]
[EventDate "2004.05.??"]
[SourceDate "2004.05.08"]
[WhiteTeam "Bayern"]
[BlackTeam "Württemberg"]
[WhiteTeamCountry "GER"]
[BlackTeamCountry "GER"]

1. d4 e6 2. Nf3 Nf6 3. e3 b6 4. Bd3 Bb7 5. O-O g6 6. Nbd2 d5 7. b3 Bg7 8. Ba3
Nbd7 9. c4 c5 10. Rc1 O-O 11. Qe2 Ne4 12. cxd5 exd5 13. Ba6 Qc8 14. Bxb7 Qxb7
15. dxc5 Ndxc5 16. Nxe4 dxe4 17. Nd2 Rac8 18. Bxc5 bxc5 19. Qc4 Rfe8 20. Rfd1
a6 21. Qc2 Re6 22. Nc4 Qc7 23. Rd2 Rd8 24. Rcd1 Rxd2 25. Rxd2 Bf8 26. Qd1 Qe7
27. g3 h5 28. h4 Qf6 29. Rd8 Kg7 30. Kg2 Be7 31. Rd7 Kh6 32. Rd5 Kh7 33. Qe2
Kg8 34. Kg1 Qa1+ 35. Qd1 Qf6 36. Rd7 Kh7 37. Qd5 Qa1+ 38. Kg2 Kg7 39. Qd2 Kf8
40. Ra7 Qf6 41. Ra8+ Kg7 42. Qb2 Qxb2 43. Nxb2 Rc6 44. Nc4 Kf6 45. Kf1 Kf5 46.
Ra7 Ke6 47. Ke2 f6 48. Nd2 f5 49. Nc4 Bd8 50. Rg7 Bf6 51. Rxg6 Rc8 52. Rh6 a5
53. Rxh5 Rc7 54. a4 Rd7 55. Nxa5 Rd3 56. Nb7 1-0

[Event "Bodensee-Cup 10th"]
[Site "Wasserburg"]
[Date "2004.05.09"]
[Round "3.2"]
[White "Zeller, Frank"]
[Black "Hecht, Hans Joachim"]
[Result "1/2-1/2"]
[WhiteElo "2424"]
[BlackElo "2425"]
[PlyCount "29"]
[EventDate "2004.05.??"]
[SourceDate "2004.05.08"]
[WhiteTeam "Württemberg"]
[BlackTeam "Bayern"]
[WhiteTeamCountry "GER"]
[BlackTeamCountry "GER"]

1. e4 e5 2. f4 exf4 3. Nf3 Ne7 4. d4 d5 5. Bd3 c5 6. Nc3 cxd4 7. Nxd4 Nbc6 8.
Nxc6 bxc6 9. O-O d4 10. Ne2 Ng6 11. Nxf4 Ne5 12. Qe1 Bd6 13. Nh5 O-O 14. Bf4
Qe7 15. Qg3 1/2-1/2

[Event "Bodensee-Cup 10th"]
[Site "Wasserburg"]
[Date "2004.05.09"]
[Round "3.4"]
[White "Schnepp, Gunnar"]
[Black "Riedel, Wolfgang"]
[Result "1/2-1/2"]
[WhiteElo "2343"]
[BlackElo "2298"]
[PlyCount "63"]
[EventDate "2004.05.??"]
[SourceDate "2004.05.08"]
[WhiteTeam "Württemberg"]
[BlackTeam "Bayern"]
[WhiteTeamCountry "GER"]
[BlackTeamCountry "GER"]

1. d4 Nf6 2. c4 g6 3. Nc3 Bg7 4. e4 d6 5. Be2 O-O 6. Nf3 e5 7. O-O Nc6 8. d5
Ne7 9. Nd2 Ne8 10. Rb1 f5 11. b4 Kh8 12. c5 Ng8 13. Nc4 Ngf6 14. f3 f4 15. a4
h5 16. a5 Rf7 17. b5 b6 18. cxb6 cxb6 19. Na4 Rb8 20. Bd2 Nd7 21. axb6 axb6 22.
Qe1 Bf6 23. Bb4 Nc5 24. Nxc5 dxc5 25. Bc3 Qe7 26. Qd2 Nd6 27. Qb2 Nxc4 28. Bxc4
Qd6 29. Ra1 Kh7 30. Ra4 g5 31. Rfa1 Bb7 32. Be2 1/2-1/2

[Event "Bodensee-Cup 10th"]
[Site "Wasserburg"]
[Date "2004.05.09"]
[Round "3.5"]
[White "Kaiser, Wolfgang"]
[Black "Hoensch, Matthias"]
[Result "0-1"]
[WhiteElo "2353"]
[BlackElo "2291"]
[PlyCount "74"]
[EventDate "2004.05.??"]
[SourceDate "2004.05.08"]
[WhiteTeam "Bayern"]
[BlackTeam "Württemberg"]
[WhiteTeamCountry "GER"]
[BlackTeamCountry "GER"]

1. Nf3 c5 2. g3 Nf6 3. Bg2 d5 4. O-O Nc6 5. d3 Bf5 6. Nbd2 h6 7. e3 e6 8. Qe2
Be7 9. e4 Bh7 10. a3 O-O 11. e5 Nd7 12. Re1 b5 13. h4 c4 14. dxc4 bxc4 15. Nf1
Qb6 16. N1h2 Nc5 17. Ng4 Ne4 18. Kh2 Rab8 19. Bh3 Bc5 20. Kg2 h5 21. Ne3 Bxe3
22. Qxe3 Qxe3 23. Rxe3 d4 24. Re1 d3 25. cxd3 cxd3 26. b4 a5 27. bxa5 Nxa5 28.
Be3 Nc4 29. Bd4 Rfd8 30. Red1 d2 31. Ra2 Rb3 32. Ba1 Rxa3 33. Rxa3 Nxa3 34. Nd4
Rb8 35. Kf1 Rb1 36. Ke2 Rxd1 37. Kxd1 Nc4 0-1

[Event "Bodensee-Cup 10th"]
[Site "Wasserburg"]
[Date "2004.05.09"]
[Round "3.6"]
[White "Lorscheid, Gerhard"]
[Black "Zwanzger, Johannes"]
[Result "1/2-1/2"]
[WhiteElo "2272"]
[BlackElo "2343"]
[PlyCount "21"]
[EventDate "2004.05.??"]
[SourceDate "2004.05.08"]
[WhiteTeam "Württemberg"]
[BlackTeam "Bayern"]
[WhiteTeamCountry "GER"]
[BlackTeamCountry "GER"]

1. d4 Nf6 2. c4 g6 3. f3 c5 4. d5 Bg7 5. Nc3 O-O 6. e4 d6 7. Be3 a6 8. a4 a5 9.
Bd3 Na6 10. Rc1 e6 11. Nge2 1/2-1/2

[Event "Bodensee-Cup 10th"]
[Site "Wasserburg"]
[Date "2004.05.09"]
[Round "3.7"]
[White "Schunk, Eduard"]
[Black "Mueller, Ralf"]
[Result "0-1"]
[WhiteElo "2323"]
[BlackElo "2326"]
[PlyCount "54"]
[EventDate "2004.05.??"]
[SourceDate "2004.05.08"]
[WhiteTeam "Bayern"]
[BlackTeam "Württemberg"]
[WhiteTeamCountry "GER"]
[BlackTeamCountry "GER"]

1. e4 c5 2. Nf3 Nc6 3. Bb5 Nf6 4. Nc3 Qc7 5. O-O Nd4 6. Re1 a6 7. Bf1 e5 8.
Nxd4 cxd4 9. Nd5 Nxd5 10. exd5 Bc5 11. Qh5 d6 12. c4 O-O 13. d3 b5 14. cxb5
axb5 15. g3 Bb7 16. Bg2 Bb4 17. Re4 f6 18. Rh4 g6 19. Qf3 Qf7 20. a3 Rfc8 21.
Rb1 Ba5 22. b4 Bd8 23. g4 Rc2 24. g5 Rac8 25. Bb2 f5 26. Rh3 Bxg5 27. Rg3 Bc1
0-1

[Event "Bodensee-Cup 10th"]
[Site "Wasserburg"]
[Date "2004.05.09"]
[Round "3.8"]
[White "Gheng, Josef"]
[Black "Rupprecht, Andreas"]
[Result "1/2-1/2"]
[WhiteElo "2334"]
[BlackElo "2325"]
[PlyCount "88"]
[EventDate "2004.05.??"]
[SourceDate "2004.05.08"]
[WhiteTeam "Württemberg"]
[BlackTeam "Bayern"]
[WhiteTeamCountry "GER"]
[BlackTeamCountry "GER"]

1. e4 c5 2. Nf3 Nc6 3. d4 cxd4 4. Nxd4 Nf6 5. Nxc6 bxc6 6. Bd3 d5 7. Nc3 d4 8.
Ne2 e5 9. f4 Bb4+ 10. Bd2 Bxd2+ 11. Qxd2 Rb8 12. b3 O-O 13. O-O c5 14. fxe5 Ng4
15. Qf4 Qe7 16. e6 Bxe6 17. h3 Ne3 18. Rf3 f5 19. Ng3 fxe4 20. Qxe4 g6 21.
Rxf8+ Rxf8 22. Nf1 Nxf1 23. Rxf1 Rxf1+ 24. Bxf1 Qd7 25. Qe5 Bd5 26. Bb5 Qxb5
27. Qxd5+ Kg7 28. Qe5+ Kh6 29. Qf4+ Kg7 30. Qc7+ Kh6 31. Qxa7 Qe2 32. Qf7 Qxc2
33. Qf8+ Kh5 34. Qf4 Qxa2 35. Kh2 Qc2 36. b4 cxb4 37. Qg4+ Kh6 38. Qh4+ Kg7 39.
Qxd4+ Kf7 40. Qxb4 Qc7+ 41. Kg1 Qc1+ 42. Kf2 Qc2+ 43. Kg3 Qd3+ 44. Kh2 h5
1/2-1/2

[Event "Bodensee-Cup 10th"]
[Site "Wasserburg"]
[Date "2004.05.09"]
[Round "3.9"]
[White "Koepke, Christian"]
[Black "Bauer, Peter"]
[Result "1-0"]
[WhiteElo "2241"]
[BlackElo "2259"]
[PlyCount "63"]
[EventDate "2004.05.??"]
[SourceDate "2004.05.08"]
[WhiteTeam "Bayern"]
[BlackTeam "Württemberg"]
[WhiteTeamCountry "GER"]
[BlackTeamCountry "GER"]

1. e4 c5 2. Nf3 d6 3. d4 cxd4 4. Nxd4 Nf6 5. Nc3 g6 6. Be3 Bg7 7. f3 Nc6 8. Qd2
O-O 9. Bc4 Bd7 10. O-O-O Qa5 11. Bb3 Rfc8 12. h4 Ne5 13. Kb1 b5 14. h5 Nc4 15.
Bxc4 bxc4 16. Bh6 Bxh6 17. Qxh6 Rab8 18. Nde2 Qb4 19. Qc1 Rb6 20. hxg6 fxg6 21.
Nd5 Nxd5 22. Rxd5 Rcb8 23. b3 Rf8 24. a3 Qa4 25. Nc3 Qa6 26. Qh6 Rf7 27. Rg5
Rg7 28. Rxg6 hxg6 29. Qh8+ Kf7 30. Rh7 Rxh7 31. Qxh7+ Kf8 32. Nd5 1-0

[Event "Bodensee-Cup 10th"]
[Site "Wasserburg"]
[Date "2004.05.09"]
[Round "3.10"]
[White "Stoll, Ferdinand"]
[Black "Lauer, Moritz"]
[Result "1/2-1/2"]
[WhiteElo "2262"]
[BlackElo "2224"]
[PlyCount "156"]
[EventDate "2004.05.??"]
[SourceDate "2004.05.08"]
[WhiteTeam "Württemberg"]
[BlackTeam "Bayern"]
[WhiteTeamCountry "GER"]
[BlackTeamCountry "GER"]

1. c4 b6 2. e4 Bb7 3. Nc3 e6 4. g3 f5 5. Bg2 Nf6 6. d3 fxe4 7. Nge2 Bc5 8. O-O
O-O 9. Bg5 Be7 10. h3 Nc6 11. dxe4 Rb8 12. Be3 Bc5 13. Qd2 Qe7 14. Rad1 Bxe3
15. Qxe3 Qc5 16. Qxc5 bxc5 17. f4 e5 18. Nd5 Ba6 19. b3 Nxd5 20. Rxd5 d6 21.
Rd2 Bb7 22. Nc3 exf4 23. gxf4 Nd4 24. Nb5 Nxb5 25. cxb5 Rbe8 26. e5 Bxg2 27.
Kxg2 dxe5 28. fxe5 Rxe5 29. Rxf8+ Kxf8 30. Rd7 Re2+ 31. Kf3 Rxa2 32. Rxc7 Ra3
33. Rxc5 Rxb3+ 34. Kg4 h6 35. Rc7 Rxb5 36. Rxa7 Re5 37. Rb7 Re7 38. Rb4 Kf7 39.
Ra4 Kf6 40. Rb4 g6 41. Rf4+ Ke5 42. Ra4 Rd7 43. Ra5+ Rd5 44. Ra8 Rd4+ 45. Kg3
Rd3+ 46. Kg2 h5 47. Ra5+ Rd5 48. Ra2 g5 49. Ra8 Kf4 50. Rf8+ Ke4 51. Re8+ Re5
52. Rh8 h4 53. Ra8 Kf4 54. Rf8+ Ke3 55. Ra8 Rd5 56. Re8+ Kf4 57. Rf8+ Ke4 58.
Re8+ Re5 59. Ra8 Ke3 60. Ra3+ Kf4 61. Rf3+ Ke4 62. Rf8 Ke3 63. Ra8 Re4 64. Rg8
Kf4 65. Rf8+ Ke5 66. Re8+ Kf5 67. Rf8+ Kg6 68. Rf2 Re3 69. Ra2 Kf5 70. Ra5+ Kf4
71. Ra4+ Re4 72. Ra2 Rd4 73. Rf2+ Ke4 74. Re2+ Kd5 75. Ra2 Ke5 76. Re2+ Re4 77.
Ra2 Re3 78. Ra5+ Kf4 1/2-1/2

[Event "Bodensee-Cup 10th"]
[Site "Wasserburg"]
[Date "2004.05.09"]
[Round "3.11"]
[White "Lutz, Dieter"]
[Black "Behm, Simon"]
[Result "1-0"]
[WhiteElo "2153"]
[BlackElo "2071"]
[PlyCount "89"]
[EventDate "2004.05.??"]
[SourceDate "2004.05.08"]
[WhiteTeam "Bayern"]
[BlackTeam "Württemberg"]
[WhiteTeamCountry "GER"]
[BlackTeamCountry "GER"]

1. e4 c5 2. Nf3 Nc6 3. c3 d5 4. exd5 Qxd5 5. d4 Bg4 6. Be2 cxd4 7. cxd4 e6 8.
h3 Bh5 9. Nc3 Qd7 10. O-O Nf6 11. Be3 Be7 12. Qb3 O-O 13. Rfd1 Nd5 14. Ne4 b6
15. Rac1 Na5 16. Qd3 Qb7 17. Nc3 Bg6 18. Qd2 Bb4 19. Ne5 Nxc3 20. bxc3 Ba3 21.
Ra1 Rac8 22. Nxg6 hxg6 23. Rab1 Nc4 24. Bxc4 Rxc4 25. Rb3 Be7 26. Bg5 Bxg5 27.
Qxg5 Rfc8 28. d5 R4c5 29. c4 Rxc4 30. dxe6 fxe6 31. Qxg6 Qe4 32. Qxe4 Rxe4 33.
Rd7 Ra4 34. Rg3 Rxa2 35. Rgxg7+ Kh8 36. Rxa7 Rc1+ 37. Kh2 Rxf2 38. Rab7 Rb1 39.
Rge7 Rf8 40. Rxe6 b5 41. Re5 b4 42. Re4 b3 43. Reb4 Rff1 44. Rxb3 Rh1+ 45. Kg3
1-0

[Event "Bodensee-Cup 10th"]
[Site "Wasserburg"]
[Date "2004.05.09"]
[Round "3.12"]
[White "Hirneise, Tobias"]
[Black "Koch, Moritz"]
[Result "1/2-1/2"]
[WhiteElo "1960"]
[BlackElo "2244"]
[PlyCount "93"]
[EventDate "2004.05.??"]
[SourceDate "2004.05.08"]
[WhiteTeam "Württemberg"]
[BlackTeam "Bayern"]
[WhiteTeamCountry "GER"]
[BlackTeamCountry "GER"]

1. e4 c5 2. Nf3 e6 3. d4 cxd4 4. Nxd4 Qb6 5. Nb3 a6 6. Be3 Qc7 7. Bd3 Nf6 8. f4
h5 9. Qe2 Nc6 10. Nc3 b5 11. O-O-O Bb4 12. Bd2 Bxc3 13. Bxc3 Qxf4+ 14. Kb1 Ng4
15. Bxg7 Rg8 16. Bc3 Qf2 17. Rdf1 Qxe2 18. Bxe2 b4 19. Bd2 h4 20. Rf4 Nge5 21.
Rxh4 Rxg2 22. Bf1 Rg8 23. Be3 d6 24. Nd2 Bb7 25. Rg1 Ke7 26. Rxg8 Rxg8 27. Kc1
Ng4 28. Bb6 Nce5 29. b3 Nf6 30. Kb2 Rc8 31. Ba5 Nc6 32. Bb6 Ne5 33. Ba5 Nc6 34.
Bb6 Nd7 35. Be3 Rg8 36. Rh3 Nf6 37. Rh4 Ne5 38. Bb6 Ng6 39. Rh3 Ne5 40. Ba5 Nc6
41. Bb6 Rg4 42. Bd3 Ne5 43. Rh8 Ng8 44. Ba5 Nc6 45. Bb6 Ne5 46. Ba5 Nc6 47. Bb6
1/2-1/2